উৎসব / (Record no. 78126)
[ view plain ]
| 000 -LEADER | |
|---|---|
| fixed length control field | 01062nam a22002897a 4500 |
| 001 - CONTROL NUMBER | |
| control field | 78126 |
| 003 - CONTROL NUMBER IDENTIFIER | |
| rucl marc code | BD-RjUL |
| 005 - DATE AND TIME OF LATEST TRANSACTION | |
| control field | 20211209083107.0 |
| 008 - FIXED-LENGTH DATA ELEMENTS--GENERAL INFORMATION | |
| fixed length control field | 210323s1985 bg ||||| |||| 00| 0 ben d |
| 020 ## - INTERNATIONAL STANDARD BOOK NUMBER | |
| Terms of availability | : Tk. 15.00 |
| 035 ## - SYSTEM CONTROL NUMBER | |
| System control number | (BD-RjUL)78352 |
| 040 ## - CATALOGING SOURCE | |
| Original cataloging agency | BD-RjUL |
| Language of cataloging | ben/eng |
| Transcribing agency | BD-RjUL |
| 041 ## - LANGUAGE CODE | |
| Language code of text/sound track or separate title | ben |
| 082 ## - DEWEY DECIMAL CLASSIFICATION NUMBER | |
| Edition number | 23 |
| Classification number | 394.26 |
| Author mark and year | RAU 1985 |
| 100 ## - MAIN ENTRY--PERSONAL NAME | |
| Personal name | রহমান, আতোয়ার |
| 9 (RLIN) | 246485 |
| 245 10 - TITLE STATEMENT | |
| Title | উৎসব / |
| Statement of responsibility, etc. | আতোয়ার রহমান |
| 260 ## - PUBLICATION, DISTRIBUTION, ETC. (IMPRINT) | |
| Place of publication, distribution, etc. | ঢাকা: |
| Name of publisher, distributor, etc. | বাংলা একাডেমী, |
| Date of publication, distribution, etc. | ১৯৮৫ |
| 300 ## - PHYSICAL DESCRIPTION | |
| Pagination | ১০৩, [১] পৃ. ; |
| Size | ১৯ সেি. |
| 490 ## - SERIES STATEMENT | |
| Series statement | ভাষা-শহীদ গ্রন্থমালা |
| Series statement | বা/এ ; |
| Volume/sequential designation | ১৭৭৩ |
| 504 ## - BIBLIOGRAPHY, ETC. NOTE | |
| Bibliography, etc | "বইয়ের শেষে গ্রন্থপঞ্জি রয়েছে।" |
| 650 ## - SUBJECT ADDED ENTRY--TOPICAL TERM | |
| Topical term or geographic name as entry element | উৎসব |
| 9 (RLIN) | 246486 |
| Topical term or geographic name as entry element | Festivals |
| 9 (RLIN) | 246487 |
| 830 ## - SERIES ADDED ENTRY--UNIFORM TITLE | |
| Uniform title | ভাষা-শহীদ গ্রন্থমালা |
| Uniform title | বা/এ ; |
| Volume number/sequential designation | ১৭৭৩ |
| 942 ## - ADDED ENTRY ELEMENTS (KOHA) | |
| Source of classification or shelving scheme | Dewey Decimal Classification |
| Koha item type | Books |
| Lost status | Source of classification or shelving scheme | Damaged status | Not for loan | Collection code | Permanent Location | Current Location | Shelving location | Date acquired | Source of acquisition | Cost, normal purchase price | Total Checkouts | Full call number | Date last seen | Copy number | Koha item type |
|---|---|---|---|---|---|---|---|---|---|---|---|---|---|---|---|
| Dewey Decimal Classification | Not For Loan | Non-fiction | Central Library, University of Rajshahi | Central Library, University of Rajshahi | Reading Room | 29/03/1987 | Dhaka, Bangla Academy | 15.00 | B 394.26 RAU 1985 | 23/03/2021 | C-1 | Books |